Normal view MARC view

Entry Topical Term

Number of records used in: 1

001 - CONTROL NUMBER

  • control field: 27806

003 - CONTROL NUMBER IDENTIFIER

  • control field: OSt

005 - DATE AND TIME OF LATEST TRANSACTION

  • control field: 20210929120552.0

008 - FIXED-LENGTH DATA ELEMENTS

  • fixed length control field: 210929|| aca||aabn | a|a d

040 ## - CATALOGING SOURCE

  • Original cataloging agency: OSt
  • Transcribing agency: OSt

150 ## - HEADING--TOPICAL TERM

  • Topical term or geographic name entry element: Fake news, False information, Misinformation, Persuasive information

670 ## - SOURCE DATA FOUND

  • Source citation: Work cat.: (OSt): Molina, M.D. Sundar, S.S. Le, T. and Lee, D. 27805, “Fake news” is not simply false information: A concept explication and taxonomy of online content

Powered by Koha